000 00305nam a22001337a 4500
008 171103b xxu||||| |||| 00| 0 eng d
020 _a9780256079531
041 _aeng
080 _27 ED
_a339.138
100 _a60
101 _aMAR
245 _aINTERNATIONAL MARKETING
_cCATEORA.P.R
942 _2udc
_cBK
999 _c37548
_d37548